Negative political attitudes
Elmentve itt :
| Szerző: | |
|---|---|
| Dokumentumtípus: | Könyv része |
| Megjelent: |
2018
|
| Sorozat: | A Pólay Elemér Alapítvány könyvtára
75 Az első 25 év : a szegedi Politológia Tanszék jubileumi tanulmánykötete 75 |
| Kulcsszavak: | Politikatudomány - előadáskivonat, Politika - elmélet - előadáskivonat, Politikai rendszer - előadáskivonat, Demokrácia története - előadáskivonat |
| Tárgyszavak: | |
| Online Access: | http://acta.bibl.u-szeged.hu/69166 |
| LEADER | 00936naa a2200229 i 4500 | ||
|---|---|---|---|
| 001 | acta69166 | ||
| 005 | 20211129122122.0 | ||
| 008 | 200522s2018 hu o 0|| eng d | ||
| 020 | |a 978 615 5411 74 8 | ||
| 022 | |a 1786-352X | ||
| 040 | |a SZTE Egyetemi Kiadványok Repozitórium |b hun | ||
| 041 | |a eng | ||
| 100 | 1 | |a Löffler Tibor | |
| 245 | 1 | 0 | |a Negative political attitudes |h [elektronikus dokumentum] / |c Löffler Tibor |
| 260 | |c 2018 | ||
| 300 | |a 305 | ||
| 490 | 0 | |a A Pólay Elemér Alapítvány könyvtára |v 75 | |
| 490 | 0 | |a Az első 25 év : a szegedi Politológia Tanszék jubileumi tanulmánykötete |v 75 | |
| 650 | 4 | |a Társadalomtudományok | |
| 650 | 4 | |a Politikatudomány | |
| 695 | |a Politikatudomány - előadáskivonat, Politika - elmélet - előadáskivonat, Politikai rendszer - előadáskivonat, Demokrácia története - előadáskivonat | ||
| 856 | 4 | 0 | |u http://acta.bibl.u-szeged.hu/69166/1/polay_075_305.pdf |z Dokumentum-elérés |